000 00984cab a2200205 4500
001 ##L133162
008 060418n2006 000 0 eng u
035 _a(Sirsi) u133162
041 0 _aeng
100 1 _aVrensen, Hans
245 0 0 _aEG
_bBarCap European CMBS overview
260 _c2006
490 0 _aEstates Gazette
_v(0614) 8 April 2006, 50(1)
520 _aDetails European commercial mortgage-backed securitisation issuance in the first quarter 2006 based on research by Barclays Capital. First quarter 2006 issuance has risen by 27%, totalling Euros 9.1bn compared with the first quarter 2005, falling well short of the 45-50% growth projection for the whole year. The second quarter 2006 target of Euros 17.8bn is still seen as realisable. Tables and graphs.
590 _aIKA250406
650 2 4 _aBARCAP EUROPEAN CMBS OVERVIEW
650 2 4 _aCOMMERCIAL MORTGAGE-BACKED SECURITISATION
690 _aPROPERTY-PROPERTY FINANCE AND INVESTMENT-SECURITISATION
942 _n0
999 _c76836
_d76836